01582nam a22003017a 4500001000400000003000600004005001700010008004100027020001800068040003000086050001900116082000800135100004800143245004100191260003700232300005200269505000600321520064800327521001800975521001800993650002001011650002201031650001301053906004501066942001501111999001301126952014101139304FISKH20240404142239.0230317b cb ||||| |||| 00| 0 eng d a9780394800806 aDLCcDLCdDLCdFISKHbeng00aPZ8.3.G276bId00a8111 aGeisel, TheodorcDr.qTheodor Seuss Geisel 10aIf I ran the circus /cby Dr. Seuss. aNew York :bRandom House,c1984. a32 leaves of plates : billustrations ;c29 cm. aH aA young boy imagines the fantastic animals and incredible acts he will have for his greatest of all circuses. Dr. Seuss's classic celebration of youthful imagination! The Circus McGurkus! The World's Greatest Show On the face of the earth, or wherever you go! Young Morris McGurk's has a BIG imagination. He wants to turn the vacant lot behind Sneelock's Store into the Circus McGurkus--the most colossal, stupendous, tremendous show in the world! Here you'll be entertained by bizarre creatures like the Drum-Tummied Snum, the Juggling Jott, and the Harp-Twanging Snarp, and fantastic circus acts performed by Sneelock--a sleepy shop keeper 8 a510 bLexile8 aH bRaz-Plus 1aCircusxPoetry. 1aStories in rhyme. 1aFantasy. a7bcbccorignewdueocipf19gy-gencatlg 2ddccBKn0 c304d304 00102ddc40708JUVFa001b001cTK Yellowd2023-03-17l4oGEI 811 PZ8.G276 p2023-0048r2024-06-13 07:33:17s2024-01-11w2023-03-17yBK